000 01227nam a2200277 i 4500
005 20221115151357.0
008 221115t2021 -usa j 000 1 eng d
020 _a9781945448928
_cRM 118.18
_qhardback
040 _aPPAK
_beng
_cPPAK
_erda
082 0 4 _a813.6
_223
090 0 0 _a813.6
_bPAR
_dK
100 1 _aParker, Lindsey Rowe,
_eauthor.
245 1 0 _a"Wiggles," StoMPs, and Squeezes Calm my Jitters Down /
_cLINDSEY ROWE PARKER ; ILLustrated by REBECCA BURGESS
264 1 _aUnited States :
_bBQB Publishing ,
_c[2021]
264 4 _c©2021
300 _aiii, 47 pages :
_bcolour illustrations ;
_c21 x 21 cm
336 _2rdacontent
_atext
336 _2rdacontent
_astill images
337 _2rdamedia
_aunmediated
338 _2rdacarrier
_avolume
520 _aThe vibration in her feet when she runs, the tap-tap-tap of her fork on the table at mealtime, the trickle of cool water running over her hands -- these are the things that calm her jitters down. This book is for anyone who has ever felt the need for a wiggle, stomp, or squeeze!
650 1 0 _aAmerican fiction.
650 2 0 _aAttention-deficit hyperactivity disorder
_vJuvenile fiction.
700 1 _aBurgess, Rebecca,
_eillustrator.
942 _2ddc
_cB
999 _c190001
_d190001